[Event "Top 12 2021"]
[Site "Chalons en Champagne, France"]
[Date "2021.08.01"]
[Round "8.1"]
[White "Kasimdzhanov, Rustam VAN"]
[Black "Lagarde, Maxime CCH"]
[Result "1-0"]
[WhiteElo "2662"]
[BlackElo "2648"]

1. e4 {[%clk 01:30:57]} {[%emt 00:00:02]} c6 {[%clk 01:30:57]} {[%emt
00:00:04]} 2. d4 {[%clk 01:30:38]} {[%emt 00:00:49]} d5 {[%clk 01:31:23]}
{[%emt 00:00:04]} 3. exd5 {[%clk 01:31:04]} {[%emt 00:00:05]} cxd5 {[%clk
01:31:50]} {[%emt 00:00:03]} 4. Bd3 {[%clk 01:31:27]} {[%emt 00:00:06]} Nc6
{[%clk 01:32:16]} {[%emt 00:00:05]} 5. c3 {[%clk 01:31:50]} {[%emt 00:00:06]}
Qc7 {[%clk 01:32:41]} {[%emt 00:00:06]} 6. h3 {[%clk 01:31:42]} {[%emt
00:00:38]} e5 {[%clk 01:33:01]} {[%emt 00:00:10]} 7. dxe5 {[%clk 01:31:20]}
{[%emt 00:00:52]} Nxe5 {[%clk 01:33:04]} {[%emt 00:00:27]} 8. Bb5+ {[%clk
01:28:38]} {[%emt 00:03:12]} Nc6 {[%clk 01:33:12]} {[%emt 00:00:22]} 9. Nf3
{[%clk 01:27:47]} {[%emt 00:01:21]} a6 {[%clk 01:33:26]} {[%emt 00:00:17]} 10.
Ba4 {[%clk 01:26:13]} {[%emt 00:02:03]} Bd6 {[%clk 01:30:38]} {[%emt 00:03:18]}
11. O-O {[%clk 01:20:33]} {[%emt 00:06:10]} Nge7 {[%clk 01:30:07]} {[%emt
00:01:02]} 12. Re1 {[%clk 01:19:44]} {[%emt 00:01:18]} O-O {[%clk 01:28:41]}
{[%emt 00:01:56]} 13. Bc2 {[%clk 01:17:30]} {[%emt 00:02:44]} h6 {[%clk
01:26:40]} {[%emt 00:02:31]} 14. Nbd2 {[%clk 01:17:11]} {[%emt 00:00:49]} Bd7
{[%clk 01:23:31]} {[%emt 00:03:40]} 15. Nf1 {[%clk 01:15:15]} {[%emt 00:02:25]}
Rad8 {[%clk 01:21:36]} {[%emt 00:02:25]} 16. Ne3 {[%clk 00:58:19]} {[%emt
00:17:26]} Qc8 {[%clk 01:13:07]} {[%emt 00:09:00]} 17. Qd3 {[%clk 00:54:16]}
{[%emt 00:04:32]} Ng6 {[%clk 01:13:20]} {[%emt 00:00:17]} 18. Nf5 {[%clk
00:50:23]} {[%emt 00:04:23]} Bxf5 {[%clk 01:09:50]} {[%emt 00:04:00]} 19. Qxf5
{[%clk 00:50:42]} {[%emt 00:00:11]} Qxf5 {[%clk 01:10:00]} {[%emt 00:00:21]} 20.
Bxf5 {[%clk 00:51:03]} {[%emt 00:00:08]} Nge5 {[%clk 01:08:56]} {[%emt
00:01:34]} 21. Nxe5 {[%clk 00:49:20]} {[%emt 00:02:12]} Bxe5 {[%clk 01:08:59]}
{[%emt 00:00:28]} 22. Bd2 {[%clk 00:42:55]} {[%emt 00:06:55]} Bf6 {[%clk
01:07:03]} {[%emt 00:02:27]} 23. Rad1 {[%clk 00:37:24]} {[%emt 00:06:00]} g6
{[%clk 01:01:10]} {[%emt 00:06:24]} 24. Bb1 {[%clk 00:32:06]} {[%emt 00:05:47]}
Kg7 {[%clk 01:00:32]} {[%emt 00:01:08]} 25. Kf1 {[%clk 00:30:52]} {[%emt
00:01:42]} Rd7 {[%clk 01:00:15]} {[%emt 00:00:49]} 26. Be3 {[%clk 00:28:30]}
{[%emt 00:02:52]} b5 {[%clk 00:57:19]} {[%emt 00:03:27]} 27. Re2 {[%clk
00:24:38]} {[%emt 00:04:21]} Rfd8 {[%clk 00:56:25]} {[%emt 00:01:24]} 28. g3
{[%clk 00:16:45]} {[%emt 00:08:23]} a5 {[%clk 00:53:19]} {[%emt 00:03:37]} 29.
Bd3 {[%clk 00:12:41]} {[%emt 00:04:33]} Rb7 {[%clk 00:49:31]} {[%emt 00:04:18]}
30. Red2 {[%clk 00:11:35]} {[%emt 00:01:35]} b4 {[%clk 00:47:52]} {[%emt
00:02:10]} 31. Ba6 {[%clk 00:11:04]} {[%emt 00:01:00]} Rbd7 {[%clk 00:40:53]}
{[%emt 00:07:29]} 32. Bb5 {[%clk 00:10:39]} {[%emt 00:00:56]} bxc3 {[%clk
00:41:11]} 33. bxc3 {[%clk 00:11:01]} {[%emt 00:00:20]} Rd6 {[%clk 00:40:59]}
{[%emt 00:00:43]} 34. Bb6 {[%clk 00:07:17]} {[%emt 00:04:14]} Rc8 {[%clk
00:33:58]} {[%emt 00:07:31]} 35. Rxd5 {[%clk 00:07:10]} {[%emt 00:00:37]} Rxd5
{[%clk 00:34:21]} {[%emt 00:00:08]} 36. Rxd5 {[%clk 00:07:36]} {[%emt
00:00:03]} Rb8 {[%clk 00:30:35]} {[%emt 00:04:16]} 37. Bc7 {[%clk 00:02:37]}
{[%emt 00:05:28]} Rb7 {[%clk 00:26:56]} {[%emt 00:04:10]} 38. Bd6 {[%clk
00:02:51]} {[%emt 00:00:15]} Ne7 {[%clk 00:25:31]} {[%emt 00:01:56]} 39. Rc5
{[%clk 00:02:48]} {[%emt 00:00:32]} Nf5 {[%clk 00:24:45]} {[%emt 00:01:17]} 40.
Bf4 {[%clk 00:31:04]} {[%emt 00:02:14]} Bxc3 {[%clk 00:54:13]} {[%emt
00:01:03]} 41. Bd3 {[%clk 00:24:49]} {[%emt 00:06:44]} Bb4 {[%clk 00:52:07]}
{[%emt 00:02:36]} 42. Rc6 {[%clk 00:24:15]} {[%emt 00:01:02]} Ne7 {[%clk
00:49:53]} {[%emt 00:02:46]} 43. Be5+ {[%clk 00:23:53]} {[%emt 00:00:51]} Kh7
{[%clk 00:47:56]} {[%emt 00:02:27]} 44. Ra6 {[%clk 00:23:53]} {[%emt 00:00:30]}
Rd7 {[%clk 00:48:23]} {[%emt 00:00:04]} 45. Be4 {[%clk 00:23:47]} Nd5 {[%clk
00:48:23]} 1-0

[Event "Top 12 2021"]
[Site "Chalons en Champagne, France"]
[Date "2021.08.01"]
[Round "8.37"]
[White "Hirth, Julien PAR"]
[Black "David, Alberto CHA"]
[Result "0-1"]
[WhiteElo "2048"]
[BlackElo "2527"]

1. e4 {[%clk 01:30:57]} {[%emt 00:00:02]} c6 {[%clk 01:30:09]} {[%emt
00:00:51]} 2. d4 {[%clk 01:31:18]} {[%emt 00:00:10]} d5 {[%clk 01:30:35]}
{[%emt 00:00:05]} 3. e5 {[%clk 01:31:40]} {[%emt 00:00:07]} Bf5 {[%clk
01:30:54]} {[%emt 00:00:11]} 4. h4 {[%clk 01:32:00]} {[%emt 00:00:10]} h5
{[%clk 01:30:15]} {[%emt 00:01:09]} 5. Bd3 {[%clk 01:32:22]} {[%emt 00:00:09]}
Bxd3 {[%clk 01:30:38]} {[%emt 00:00:06]} 6. Qxd3 {[%clk 01:32:46]} {[%emt
00:00:06]} Qa5+ {[%clk 01:30:37]} {[%emt 00:00:30]} 7. Nd2 {[%clk 01:33:05]}
{[%emt 00:00:11]} e6 {[%clk 01:30:35]} {[%emt 00:00:32]} 8. Ngf3 {[%clk
01:33:07]} {[%emt 00:00:27]} Nh6 {[%clk 01:21:35]} {[%emt 00:09:31]} 9. O-O
{[%clk 01:32:46]} {[%emt 00:00:50]} Qa6 {[%clk 01:19:24]} {[%emt 00:02:42]} 10.
c4 {[%clk 01:32:11]} {[%emt 00:01:05]} Nd7 {[%clk 01:16:16]} {[%emt 00:03:38]}
11. b3 {[%clk 01:31:34]} {[%emt 00:01:08]} Nf5 {[%clk 01:11:50]} {[%emt
00:04:55]} 12. a4 {[%clk 01:27:44]} {[%emt 00:04:20]} Bb4 {[%clk 01:05:38]}
{[%emt 00:06:41]} 13. Ba3 {[%clk 01:12:55]} {[%emt 00:15:19]} Bxa3 {[%clk
01:02:48]} {[%emt 00:03:20]} 14. Rxa3 {[%clk 01:13:20]} {[%emt 00:00:06]} O-O
{[%clk 01:03:11]} {[%emt 00:00:07]} 15. Rb1 {[%clk 01:13:09]} {[%emt 00:00:40]}
c5 {[%clk 00:56:21]} {[%emt 00:07:20]} 16. dxc5 {[%clk 01:12:45]} {[%emt
00:00:55]} Nxc5 {[%clk 00:56:12]} {[%emt 00:00:39]} 17. Qe2 {[%clk 01:12:39]}
{[%emt 00:00:35]} dxc4 {[%clk 00:49:43]} {[%emt 00:07:00]} 18. b4 {[%clk
01:12:19]} {[%emt 00:00:50]} Nd7 {[%clk 00:47:52]} {[%emt 00:02:21]} 19. Nxc4
{[%clk 01:11:31]} {[%emt 00:01:18]} Qc6 {[%clk 00:48:04]} {[%emt 00:00:17]} 20.
b5 {[%clk 01:01:32]} {[%emt 00:10:29]} Qc5 {[%clk 00:43:30]} {[%emt 00:05:03]}
21. Ng5 {[%clk 00:56:34]} {[%emt 00:05:28]} Nxe5 {[%clk 00:41:37]} {[%emt
00:02:24]} 22. Nxe5 {[%clk 00:13:56]} {[%emt 00:43:08]} Qxa3 {[%clk 00:41:38]}
{[%emt 00:00:29]} 23. Nexf7 {[%clk 00:14:19]} {[%emt 00:00:07]} Rxf7 {[%clk
00:34:55]} {[%emt 00:07:13]} 24. Qxe6 {[%clk 00:14:44]} {[%emt 00:00:05]} Nh6
{[%clk 00:34:57]} {[%emt 00:00:27]} 25. Qg6 {[%clk 00:06:16]} {[%emt 00:08:59]}
Qa2 {[%clk 00:29:53]} {[%emt 00:05:34]} 26. Qh7+ {[%clk 00:04:57]} {[%emt
00:01:49]} Kf8 {[%clk 00:30:18]} {[%emt 00:00:05]} 27. Nxf7 {[%clk 00:04:14]}
{[%emt 00:01:13]} Qxf7 {[%clk 00:28:43]} {[%emt 00:02:05]} 28. Qe4 {[%clk
00:02:23]} {[%emt 00:02:21]} Kg8 {[%clk 00:21:30]} {[%emt 00:07:43]} 29. Re1
{[%clk 00:02:04]} {[%emt 00:00:49]} Rf8 {[%clk 00:21:41]} {[%emt 00:00:19]} 30.
Qd4 {[%clk 00:01:33]} {[%emt 00:01:01]} b6 {[%clk 00:21:41]} {[%emt 00:00:30]}
31. Re2 {[%clk 00:00:44]} {[%emt 00:01:19]} Nf5 {[%clk 00:21:43]} {[%emt
00:00:28]} 32. Qf4 {[%clk 00:00:35]} {[%emt 00:00:39]} Qf6 {[%clk 00:21:53]}
{[%emt 00:00:19]} 33. Qc7 {[%clk 00:00:47]} {[%emt 00:00:19]} Qxh4 {[%clk
00:21:11]} {[%emt 00:01:11]} 34. Qxa7 {[%clk 00:00:50]} {[%emt 00:00:28]} Nd4
{[%clk 00:21:14]} {[%emt 00:00:26]} 35. Rd2 {[%clk 00:00:39]} {[%emt 00:00:40]}
Qe4 {[%clk 00:18:35]} {[%emt 00:03:09]} 36. Rd1 {[%clk 00:00:40]} {[%emt
00:00:29]} Ne2+ {[%clk 00:18:41]} {[%emt 00:00:24]} 0-1

[Event "Top 12 2021"]
[Site "Chalons en Champagne, France"]
[Date "2021.08.01"]
[Round "8.47"]
[White "Prodhomme, Boris ERD"]
[Black "Goldsztejn, Gildas ASN"]
[Result "0-1"]
[WhiteElo "2031"]
[BlackElo "2422"]

1. d4 {[%clk 01:30:57]} {[%emt 00:00:02]} Nf6 {[%clk 01:30:46]} {[%emt
00:00:13]} 2. c4 {[%clk 01:31:25]} {[%emt 00:00:03]} c5 {[%clk 01:30:46]}
{[%emt 00:00:30]} 3. d5 {[%clk 01:31:51]} {[%emt 00:00:05]} e6 {[%clk
01:31:10]} {[%emt 00:00:06]} 4. Nc3 {[%clk 01:32:18]} {[%emt 00:00:04]} exd5
{[%clk 01:31:28]} {[%emt 00:00:11]} 5. cxd5 {[%clk 01:32:42]} {[%emt 00:00:06]}
d6 {[%clk 01:31:52]} {[%emt 00:00:06]} 6. e4 {[%clk 01:33:06]} {[%emt
00:00:06]} g6 {[%clk 01:32:02]} {[%emt 00:00:19]} 7. Nf3 {[%clk 01:33:20]}
{[%emt 00:00:17]} a6 {[%clk 01:31:01]} {[%emt 00:01:32]} 8. a4 {[%clk
01:32:37]} {[%emt 00:01:13]} Bg4 {[%clk 01:31:14]} {[%emt 00:00:16]} 9. Bg5
{[%clk 01:11:43]} {[%emt 00:21:24]} Nbd7 {[%clk 01:28:32]} {[%emt 00:03:11]} 10.
Be2 {[%clk 01:09:33]} {[%emt 00:02:40]} Bxf3 {[%clk 01:28:47]} {[%emt
00:00:15]} 11. gxf3 {[%clk 01:08:35]} {[%emt 00:01:29]} Bg7 {[%clk 01:16:38]}
{[%emt 00:12:38]} 12. a5 {[%clk 00:57:22]} {[%emt 00:11:44]} O-O {[%clk
01:13:47]} {[%emt 00:03:21]} 13. Qd2 {[%clk 00:52:02]} {[%emt 00:05:50]} Re8
{[%clk 01:13:20]} {[%emt 00:00:57]} 14. Bh6 {[%clk 00:41:36]} {[%emt 00:10:55]}
Bh8 {[%clk 01:02:02]} {[%emt 00:11:48]} 15. h4 {[%clk 00:36:55]} {[%emt
00:05:11]} b5 {[%clk 01:00:10]} {[%emt 00:02:23]} 16. axb6 {[%clk 00:32:03]}
{[%emt 00:05:22]} Qxb6 {[%clk 01:00:05]} {[%emt 00:00:34]} 17. h5 {[%clk
00:29:41]} {[%emt 00:02:53]} Ne5 {[%clk 00:47:41]} {[%emt 00:12:54]} 18. f4
{[%clk 00:12:40]} {[%emt 00:17:32]} Neg4 {[%clk 00:47:50]} {[%emt 00:00:20]} 19.
f3 {[%clk 00:12:29]} {[%emt 00:00:42]} Nxh6 {[%clk 00:46:45]} {[%emt 00:01:35]}
20. hxg6 {[%clk 00:12:48]} {[%emt 00:00:10]} Bg7 {[%clk 00:39:17]} {[%emt
00:07:58]} 21. gxh7+ {[%clk 00:10:27]} {[%emt 00:02:52]} Nxh7 {[%clk 00:36:41]}
{[%emt 00:03:05]} 22. O-O-O {[%clk 00:06:33]} {[%emt 00:04:25]} Kh8 {[%clk
00:22:13]} {[%emt 00:14:58]} 23. f5 {[%clk 00:04:21]} {[%emt 00:02:42]} Ng8
{[%clk 00:19:12]} {[%emt 00:03:30]} 24. Rh3 {[%clk 00:03:35]} {[%emt 00:01:17]}
Rab8 {[%clk 00:14:09]} {[%emt 00:05:33]} 25. Rdh1 {[%clk 00:03:50]} {[%emt
00:00:14]} Ngf6 {[%clk 00:14:32]} {[%emt 00:00:07]} 26. Bc4 {[%clk 00:02:36]}
{[%emt 00:01:45]} Kg8 {[%clk 00:14:06]} {[%emt 00:00:56]} 27. Rg1 {[%clk
00:01:38]} {[%emt 00:01:28]} Qb4 {[%clk 00:09:02]} {[%emt 00:05:34]} 28. Rxg7+
{[%clk 00:01:47]} {[%emt 00:00:22]} Kf8 {[%clk 00:09:27]} {[%emt 00:00:05]} 29.
Ba2 {[%clk 00:02:01]} {[%emt 00:00:15]} Qd4 {[%clk 00:09:19]} {[%emt 00:00:38]}
30. Rgxh7 {[%clk 00:01:48]} {[%emt 00:00:44]} Qxd2+ 31. Kxd2 {[%clk 00:02:17]}
Nxh7 {[%clk 00:06:50]} {[%emt 00:00:08]} 32. Rxh7 {[%clk 00:02:40]} {[%emt
00:00:07]} Rxb2+ {[%clk 00:07:15]} {[%emt 00:00:04]} 33. Ke3 {[%clk 00:01:49]}
{[%emt 00:01:22]} Ke7 {[%clk 00:06:31]} {[%emt 00:01:14]} 34. Bc4 {[%clk
00:01:13]} {[%emt 00:01:07]} Rb4 {[%clk 00:02:54]} {[%emt 00:04:07]} 35. Kd3
{[%clk 00:01:17]} {[%emt 00:00:25]} Rg8 {[%clk 00:02:09]} {[%emt 00:01:14]} 36.
Bxa6 {[%clk 00:01:03]} {[%emt 00:00:44]} Rg3 {[%clk 00:02:34]} {[%emt
00:00:05]} 37. Ke3 {[%clk 00:01:17]} {[%emt 00:00:17]} Rb3 {[%clk 00:02:52]}
{[%emt 00:00:12]} 38. Kf4 {[%clk 00:01:35]} {[%emt 00:00:12]} Rg2 {[%clk
00:02:09]} {[%emt 00:01:13]} 39. Nb5 {[%clk 00:00:42]} {[%emt 00:01:23]} Rf2
{[%clk 00:01:39]} {[%emt 00:00:59]} 40. Rh3 {[%clk 00:30:43]} {[%emt 00:00:30]}
Ra2 {[%clk 00:31:58]} {[%emt 00:00:11]} 41. Nc7 {[%clk 00:12:37]} {[%emt
00:18:36]} Raa3 {[%clk 00:30:45]} {[%emt 00:01:43]} 42. Be2 {[%clk 00:05:10]}
{[%emt 00:07:57]} Rb2 {[%clk 00:30:55]} {[%emt 00:00:20]} 43. Bb5 {[%clk
00:01:36]} {[%emt 00:04:04]} c4 {[%clk 00:15:35]} {[%emt 00:15:49]} 44. Rh8
{[%clk 00:01:54]} {[%emt 00:00:12]} c3 {[%clk 00:14:53]} {[%emt 00:01:12]} 45.
Re8+ {[%clk 00:02:08]} {[%emt 00:00:16]} Kf6 {[%clk 00:15:13]} {[%emt
00:00:09]} 46. Rc8 {[%clk 00:02:20]} {[%emt 00:00:18]} Ke7 {[%clk 00:14:17]}
{[%emt 00:01:26]} 47. Ne8 {[%clk 00:01:05]} {[%emt 00:01:46]} Rxb5 {[%clk
00:14:27]} {[%emt 00:00:19]} 48. f6+ {[%clk 00:00:40]} {[%emt 00:00:55]} Kd7
{[%clk 00:14:41]} {[%emt 00:00:16]} 49. Nxd6 {[%clk 00:00:42]} {[%emt
00:00:29]} Kxd6 {[%clk 00:14:50]} {[%emt 00:00:20]} 50. e5+ {[%clk 00:00:36]}
{[%emt 00:00:37]} Kxd5 {[%clk 00:15:02]} {[%emt 00:00:17]} 51. Rd8+ {[%clk
00:01:02]} {[%emt 00:00:04]} Kc4 {[%clk 00:15:11]} {[%emt 00:00:22]} 52. e6
{[%clk 00:00:46]} {[%emt 00:00:46]} fxe6 {[%clk 00:15:32]} {[%emt 00:00:10]}
0-1